000 00599nam a2200181Ia 4500
008 090124s9999 xx 000 0 und d
082 _b20518
100 _aआपटे हरि नारायण
245 _a केवळ स्वराज्यासाठी
250 _a4
260 _c1964
300 _a16+371
600 _aआपटे हरि नारायण
630 _a केवळ स्वराज्यासाठी
700 _aआपटे हरि नारायण
730 _a केवळ स्वराज्यासाठी
942 _cBOOK
999 _c134323
_d134323